[Event "X Festival Magistrale"]
[Site "Celle Ligure ITA"]
[Date "1995.04.??"]
[Round "3"]
[White "Vigano', Massimo"]
[Black "Esposito, Luca"]
[Result "1/2-1/2"]
[WhiteElo "1935"]
[BlackElo "2004"]
[PlyCount "42"]
[EventDate "1995.04.01"]

1. e4 c5 2. Nf3 d6 3. d4 cxd4 4. Nxd4 Nf6 5. Nc3 Nc6 6. Be2 e5 7. Nb3 Be7 8.
O-O O-O 9. Be3 a5 10. Nd2 Be6 11. Nc4 b5 12. Nxb5 Nxe4 13. f3 Bxc4 14. Bxc4 Nf6
15. Nc3 Rc8 16. Bb3 Nb4 17. a3 Na6 18. Nd5 Nc5 19. Nxf6+ Bxf6 20. Bd5 Na4 21.
Rb1 Nb6 1/2-1/2

[Event "X Festival Magistrale"]
[Site "Celle Ligure ITA"]
[Date "1995.04.??"]
[Round "4"]
[White "Collareta, Giovanni"]
[Black "Caruso, Daniele"]
[Result "1-0"]
[WhiteElo "2080"]
[BlackElo "2080"]
[PlyCount "107"]
[EventDate "1995.04.01"]

1. c4 Nf6 2. Nf3 g6 3. g3 Bg7 4. Bg2 O-O 5. O-O d6 6. Nc3 Nbd7 7. Rb1 a5 8. d3
e5 9. a3 Nc5 10. b4 axb4 11. axb4 Ne6 12. e3 Nh5 13. Qb3 Kh8 14. Bb2 f5 15. Nd2
f4 16. exf4 Nd4 17. Qd1 exf4 18. Re1 c6 19. Nce4 fxg3 20. hxg3 Ra2 21. Nc3 Ra8
22. Nb3 Nxb3 23. Qxb3 Bf5 24. Ne4 Bxb2 25. Qxb2+ Kg8 26. Ra1 Rxa1 27. Qxa1 Bxe4
28. Rxe4 Qb6 29. Qe1 Qa7 30. Re7 Qd4 31. Rxb7 Nxg3 32. Bxc6 Nh5 33. Bd5+ Kh8
34. Qe3 Qg4+ 35. Bg2 Qd1+ 36. Kh2 Qg4 37. Re7 Qh4+ 38. Kg1 Ng7 39. Re4 Qh5 40.
Qd4 Qd1+ 41. Bf1 Kg8 42. Qxd6 Qd2 43. Qd5+ Kh8 44. Qd4 Qxb4 45. c5 Qxd4 46.
Rxd4 Ne6 47. Rc4 Kg7 48. Bh3 Nf4 49. Bf1 Nd5 50. c6 Kf6 51. Bh3 Nc7 52. Kf1 Ke7
53. Ke2 Kd6 54. Bg2 $139 1-0

[Event "X Festival Magistrale"]
[Site "Celle Ligure ITA"]
[Date "1995.04.??"]
[Round "4"]
[White "Coppini, Giorgio"]
[Black "Parrella, Alfredo"]
[Result "1/2-1/2"]
[WhiteElo "2255"]
[BlackElo "2205"]
[PlyCount "70"]
[EventDate "1995.04.01"]

1. e4 c5 2. Nf3 Nc6 3. d4 cxd4 4. Nxd4 g6 5. c4 Bg7 6. Be3 Nf6 7. Nc3 Ng4 8.
Qxg4 Nxd4 9. Qd1 Ne6 10. Rc1 b6 11. Bd3 Bb7 12. f3 O-O 13. O-O Nd4 14. Bb1 Nc6
15. Qd2 d6 16. Kh1 Qd7 17. Bh6 Rad8 18. Bxg7 Kxg7 19. Nd5 e5 20. f4 f6 21. f5
g5 22. b3 Nd4 23. Nc3 Rc8 24. Ne2 Nxe2 25. Qxe2 Rc7 26. Rfd1 Rd8 27. Rc2 Bc6
28. Rcd2 Qe7 29. a4 Be8 30. Bd3 Bf7 31. Qe3 Qe8 32. Be2 Qc6 33. h3 Rcd7 34. Rd3
Qc5 35. Qd2 a6 1/2-1/2

[Event "X Festival Magistrale"]
[Site "Celle Ligure ITA"]
[Date "1995.04.??"]
[Round "4"]
[White "Cordara, Michele"]
[Black "Farina, Saverio"]
[Result "1/2-1/2"]
[WhiteElo "2185"]
[BlackElo "2120"]
[PlyCount "84"]
[EventDate "1995.04.01"]

1. c4 e6 2. Nf3 d5 3. g3 c5 4. Bg2 Nc6 5. O-O Nf6 6. d3 Be7 7. Bd2 O-O 8. Qc2
Bd7 9. Nc3 Rc8 10. Rad1 Nd4 11. Qb1 Nxf3+ 12. Bxf3 Bc6 13. e4 d4 14. Ne2 Nd7
15. Bg2 Qc7 16. b4 b6 17. bxc5 bxc5 18. Qc2 Rb8 19. Rb1 h6 20. Rxb8 Rxb8 21.
Rb1 Rb7 22. Rxb7 Qxb7 23. Qb3 Qxb3 24. axb3 Ne5 25. Nc1 Kf8 26. f4 Nd7 27. Bh3
Ke8 28. Kf2 Bd8 29. b4 Ba4 30. b5 Ke7 31. Ke1 Nf6 32. Bg2 Bb6 33. Bf3 Nd7 34.
Bd1 Bxd1 35. Kxd1 e5 36. Ke2 Ke6 37. Kf3 h5 38. h3 g6 39. g4 hxg4+ 40. hxg4
exf4 41. Bxf4 Bd8 42. Nb3 Bb6 1/2-1/2

[Event "X Festival Magistrale"]
[Site "Celle Ligure ITA"]
[Date "1995.04.??"]
[Round "4"]
[White "Esposito, Luca"]
[Black "Ortega, Lexy"]
[Result "1/2-1/2"]
[WhiteElo "2004"]
[BlackElo "2435"]
[PlyCount "134"]
[EventDate "1995.04.01"]

1. c4 e6 2. Nc3 c5 3. g3 d5 4. cxd5 exd5 5. d4 cxd4 6. Qxd4 Nf6 7. Bg5 Be7 8.
Bg2 Nc6 9. Qa4 d4 10. Bxf6 Bxf6 11. Nd5 O-O 12. Nxf6+ Qxf6 13. Rd1 d3 14. Rxd3
Bf5 15. Rc3 Rfe8 16. Nf3 Re4 17. Qb3 Rb4 18. Qa3 a5 19. O-O g5 20. Rc5 h6 21.
Qc3 Qe6 22. e3 Bg6 23. b3 Rd8 24. Ne5 Nxe5 25. Rxe5 Rc8 26. Rxe6 Rxc3 27. Re7
a4 28. bxa4 Bd3 29. Rd1 g4 30. Rxb7 Rxb7 31. Bxb7 Be2 32. Rb1 Bc4 33. a5 Ra3
34. Rc1 Bxa2 35. a6 Be6 36. Kf1 Kg7 37. Ke1 Ra2 38. Rc3 Kf6 39. Kd1 Ke5 40. Kc1
Ra5 41. Kb2 Ra2+ 42. Kb1 Ra5 43. Rc7 Kd6 44. Rc6+ Ke5 45. Rb6 h5 46. Rb4 f5 47.
Rb6 Bd5 48. Kb2 Ke4 49. Re6+ Kf3 50. Bxd5+ Rxd5 51. Rf6 Ra5 52. a7 Kg2 53. Rxf5
Rxa7 54. e4 Kxh2 55. e5 h4 56. gxh4 Rh7 57. e6 Re7 58. Rf6 g3 59. fxg3 Kxg3 60.
Kc3 Kxh4 61. Kd4 Kg5 62. Ke5 Ra7 63. Rf1 Ra5+ 64. Kd6 Ra6+ 65. Ke7 Ra7+ 66. Ke8
Kg6 67. Re1 Ra8+ 1/2-1/2

[Event "X Festival Magistrale"]
[Site "Celle Ligure ITA"]
[Date "1995.04.??"]
[Round "4"]
[White "Kosic, Dragan"]
[Black "Zichichi, Alvise"]
[Result "1-0"]
[WhiteElo "2500"]
[BlackElo "2315"]
[PlyCount "49"]
[EventDate "1995.04.01"]

1. d4 d5 2. Bg5 h6 3. Bh4 Nd7 4. e3 Ngf6 5. Nf3 e6 6. Nbd2 Be7 7. Bd3 a6 8. c3
c5 9. O-O b6 10. Ne5 Nxe5 11. dxe5 Nd7 12. Bxe7 Qxe7 13. f4 Bb7 14. Nf3 f5 15.
exf6 Qxf6 16. Qe1 O-O-O 17. Qg3 Rhe8 18. Rae1 Rg8 19. e4 g5 20. fxg5 hxg5 21.
exd5 Qf4 22. dxe6 Nf6 23. Ne5 Qxg3 24. hxg3 Nh5 25. Re3 1-0

[Event "X Festival Magistrale"]
[Site "Celle Ligure ITA"]
[Date "1995.04.??"]
[Round "4"]
[White "Laketic, Gojko"]
[Black "Cirabisi, Federico"]
[Result "1-0"]
[WhiteElo "2390"]
[BlackElo "2220"]
[PlyCount "75"]
[EventDate "1995.04.01"]

1. d4 d5 2. c4 e5 3. dxe5 d4 4. Nf3 Nc6 5. g3 Be6 6. Nbd2 Qd7 7. h3 f6 8. exf6
Nxf6 9. Bg2 d3 10. e3 Bc5 11. a3 a5 12. Ng5 a4 13. b4 Bd6 14. Nxe6 Qxe6 15. O-O
O-O 16. Bb2 Be5 17. Rb1 Bxb2 18. Rxb2 Ne5 19. Qb1 c6 20. Rc1 Rad8 21. c5 Qf5
22. f4 Nh5 23. Nf1 Qg6 24. Kh2 Nf7 25. Rd2 Rd7 26. Rcd1 Rfd8 27. e4 Nf6 28.
Rxd3 Rxd3 29. Rxd3 Re8 30. e5 Nd5 31. Qd1 Ne7 32. Rd7 Qe6 33. Ne3 Qb3 34. Qd4
Qxa3 35. e6 Qa2 36. Nc4 a3 37. exf7+ Kxf7 38. Nd6+ 1-0

[Event "X Festival Magistrale"]
[Site "Celle Ligure ITA"]
[Date "1995.04.??"]
[Round "4"]
[White "Naumkin, Igor"]
[Black "Di Paolo, Raffaele"]
[Result "1-0"]
[WhiteElo "2500"]
[BlackElo "2265"]
[PlyCount "85"]
[EventDate "1995.04.01"]

1. d4 Nf6 2. c4 g6 3. Nc3 Bg7 4. e4 d6 5. Nf3 O-O 6. Be2 e5 7. d5 a5 8. Bg5 h6
9. Bh4 Na6 10. O-O Qe8 11. Nd2 Bd7 12. b3 Nh7 13. a3 h5 14. f3 Bh6 15. Kh1 Be3
16. Rb1 Bc5 17. Qc1 c6 18. Na2 cxd5 19. b4 axb4 20. axb4 Be3 21. exd5 g5 22.
Be1 f5 23. Nc3 g4 24. Bh4 Qg6 25. Qc2 Qh6 26. Rfd1 Rf7 27. c5 dxc5 28. bxc5
Nxc5 29. Nc4 gxf3 30. Bxf3 Qf4 31. Nxe3 Qxh4 32. d6 e4 33. Be2 Qg5 34. Ncd5 Ne6
35. Ne7+ Kg7 36. Qc3+ Kh6 37. Rxb7 Nef8 38. Bc4 Be6 39. Bxe6 Nxe6 40. Qe5 Ng7
41. d7 Qxe3 42. Rd6+ Nf6 43. Nxf5+ 1-0

[Event "X Festival Magistrale"]
[Site "Celle Ligure ITA"]
[Date "1995.04.??"]
[Round "4"]
[White "Palmiotto, Fiorentino"]
[Black "Romano, Edgar"]
[Result "1-0"]
[WhiteElo "2195"]
[BlackElo "1929"]
[PlyCount "81"]
[EventDate "1995.04.01"]

1. d4 Nf6 2. Nf3 d5 3. c4 g6 4. cxd5 Nxd5 5. e4 Nb6 6. Nc3 Bg7 7. Be3 Bg4 8.
Be2 O-O 9. O-O Bxf3 10. gxf3 Nc6 11. e5 f5 12. f4 Nb4 13. Qb3+ N4d5 14. Bf3 e6
15. Nxd5 exd5 16. Rfc1 c6 17. Be2 Rf7 18. a4 Rc7 19. Bd2 Nd7 20. Bb4 Bf8 21.
Bd6 Bxd6 22. exd6 Rcc8 23. Qxb7 Rab8 24. Qxa7 Rxb2 25. Qa6 Ra8 26. Qd3 Nb8 27.
Qe3 Qxd6 28. Qe8+ Qf8 29. Qe6+ Qf7 30. Qe3 Nd7 31. Bf1 Qf6 32. a5 Qd6 33. a6
Nf8 34. Qc3 Rb6 35. Qe3 Nd7 36. Rcb1 Rxb1 37. Rxb1 Nb8 38. Rb7 Nxa6 39. Bxa6
Rxa6 40. Qe8+ Qf8 41. Qe6+ 1-0

[Event "X Festival Magistrale"]
[Site "Celle Ligure ITA"]
[Date "1995.04.??"]
[Round "4"]
[White "Piccardo, Vittorio"]
[Black "Vignato, Giovanni"]
[Result "0-1"]
[WhiteElo "1978"]
[BlackElo "1918"]
[PlyCount "92"]
[EventDate "1995.04.01"]

1. d4 d5 2. c4 c6 3. Nf3 e6 4. e3 f5 5. Nc3 Nf6 6. Bd3 Bd6 7. O-O O-O 8. Qc2
Ne4 9. Ne5 Bxe5 10. dxe5 Nd7 11. f3 Nec5 12. f4 Nxd3 13. Qxd3 b6 14. b4 Ba6 15.
b5 dxc4 16. Qxc4 cxb5 17. Qxe6+ Kh8 18. Rd1 Nc5 19. Rxd8 Nxe6 20. Rd6 Rfc8 21.
Bb2 Nc5 22. e6 Re8 23. g4 Nxe6 24. gxf5 Nc5 25. Re1 Rad8 26. Red1 Rxd6 27. Rxd6
Kg8 28. Nd5 Bb7 29. Bd4 Bxd5 30. Rxd5 b4 31. Bxc5 bxc5 32. Rxc5 Rxe3 33. Rc8+
Kf7 34. Rc7+ Re7 35. Rc6 Re1+ 36. Kf2 Ra1 37. Rc2 Kf6 38. Kf3 Kxf5 39. Rc5+ Ke6
40. Rc2 a5 41. Ke4 a4 42. Kd4 Rb1 43. Kd3 Kf5 44. Rg2 g6 45. Kc2 Ra1 46. Kb2
Rf1 0-1

[Event "X Festival Magistrale"]
[Site "Celle Ligure ITA"]
[Date "1995.04.??"]
[Round "4"]
[White "Rossi, Giampiero"]
[Black "Vigano', Massimo"]
[Result "1/2-1/2"]
[WhiteElo "2145"]
[BlackElo "1935"]
[PlyCount "72"]
[EventDate "1995.04.01"]

1. d4 e6 2. c4 Nf6 3. Nc3 Bb4 4. Qc2 d5 5. cxd5 exd5 6. Bg5 O-O 7. e3 Nbd7 8.
Bd3 h6 9. Bh4 c5 10. Nge2 cxd4 11. Nxd4 Nc5 12. O-O Nxd3 13. Qxd3 Bxc3 14. Qxc3
Ne4 15. Bxd8 Nxc3 16. Ba5 Ne4 17. Rfc1 b6 18. Bb4 Re8 19. Rc7 Be6 20. Rac1 Kh7
21. b3 a5 22. Be1 Nc5 23. Bc3 Kg8 24. Ba1 a4 25. b4 Na6 26. Nxe6 Rxe6 27. Rc8+
Re8 28. Rxa8 Rxa8 29. a3 Ra7 30. Bd4 Rc7 31. Rxc7 Nxc7 32. Kf1 g6 33. Ke2 Kf8
34. Kd3 Nb5 35. Bb2 Ke7 36. f3 Kd6 1/2-1/2

[Event "X Festival Magistrale"]
[Site "Celle Ligure ITA"]
[Date "1995.04.??"]
[Round "4"]
[White "Sciacca, Massimo"]
[Black "Martorelli, Antonio"]
[Result "0-1"]
[WhiteElo "1908"]
[BlackElo "2255"]
[PlyCount "106"]
[EventDate "1995.04.01"]

1. e4 c5 2. c4 Nc6 3. Nc3 e6 4. Nf3 Nf6 5. d4 cxd4 6. Nxd4 Bb4 7. Nxc6 dxc6 8.
Qxd8+ Kxd8 9. Bd2 e5 10. a3 Bc5 11. O-O-O Kc7 12. f3 h5 13. Be2 h4 14. g4 Be6
15. Bg5 Rae8 16. Kc2 Nd7 17. Bc1 Bd4 18. f4 Bxc3 19. Kxc3 Nf6 20. Bf3 Bxg4 21.
Bxg4 Nxg4 22. Rhg1 Nxh2 23. Rxg7 Rhf8 24. Rd3 Nf1 25. fxe5 Ng3 26. Rh7 Rxe5 27.
Rxg3 hxg3 28. Bf4 Kd6 29. Bxg3 Ke6 30. Rh6+ f6 31. Bxe5 Kxe5 32. Kd3 Rg8 33.
Rh4 a5 34. Rh3 Rg4 35. Rh5+ Rg5 36. Rh3 c5 37. b3 Kf4 38. Rh4+ Ke5 39. Rh3 b6
40. Rf3 Rh5 41. a4 Rh1 42. Rf5+ Ke6 43. Rd5 Rh3+ 44. Kc2 Re3 45. Rd8 Rxe4 46.
Re8+ Kf5 47. Rb8 Re6 48. Kd3 Kf4 49. Rb7 f5 50. Rf7 Kg3 51. Rg7+ Kf3 52. Rf7
Rd6+ 53. Kc2 f4 0-1

[Event "X Festival Magistrale"]
[Site "Celle Ligure ITA"]
[Date "1995.04.??"]
[Round "4"]
[White "Tedeschi, Paolo"]
[Black "Mazzotti, Carlo"]
[Result "0-1"]
[WhiteElo "1920"]
[BlackElo "1922"]
[PlyCount "104"]
[EventDate "1995.04.01"]

1. d4 e6 2. c4 Nf6 3. Nf3 Bb4+ 4. Nbd2 b6 5. e3 Bb7 6. Be2 O-O 7. a3 Bxd2+ 8.
Qxd2 d6 9. O-O a5 10. b3 Nbd7 11. Bb2 Qe7 12. Qc2 Ne4 13. Bd3 f5 14. Nd2 Nxd2
15. Qxd2 Qg5 16. f3 Nf6 17. Rae1 h5 18. Bc1 e5 19. f4 exf4 20. exf4 Qg6 21. Re6
Rae8 22. Rfe1 Be4 23. Rxe8 Rxe8 24. Bxe4 Rxe4 25. Rxe4 Nxe4 26. Qe3 Qg4 27. Qf3
Qg6 28. Bb2 d5 29. c5 h4 30. b4 axb4 31. axb4 b5 32. Qh3 Qh5 33. Qf3 Qe8 34.
Bc1 Qa8 35. Qa3 Qxa3 36. Bxa3 Kf7 37. Bc1 Kg6 38. Kf1 Kh5 39. Be3 Kg4 40. Kg1
h3 41. Kf1 Ng3+ 42. Kf2 Nh5 43. g3 Nf6 44. Ke2 Ne4 45. Bf2 g5 46. fxg5 Nxg5 47.
Be3 Nf3 48. c6 Nxh2 49. Kf2 Nf3 50. Bf4 Nxd4 51. Bxc7 Nxc6 52. Bd6 d4 0-1

[Event "X Festival Magistrale"]
[Site "Celle Ligure ITA"]
[Date "1995.04.??"]
[Round "4"]
[White "Wagman, Stuart"]
[Black "Mordiglia, Riccardo"]
[Result "1/2-1/2"]
[WhiteElo "2215"]
[BlackElo "1873"]
[PlyCount "54"]
[EventDate "1995.04.01"]

1. e4 e5 2. Nf3 d6 3. d4 f5 4. exf5 e4 5. Qe2 Bxf5 6. d5 c5 7. Nc3 Nf6 8. Nh4
g6 9. Bg5 Nbd7 10. f3 Be7 11. Nxf5 gxf5 12. fxe4 fxe4 13. O-O-O O-O 14. Bh6 Re8
15. g3 Bf8 16. Bxf8 Nxf8 17. Bh3 a6 18. Rhf1 b5 19. Qe3 Re5 20. Rf5 Rxf5 21.
Bxf5 Qe7 22. Nxe4 Nxe4 23. Qxe4 Qxe4 24. Bxe4 Re8 25. Re1 Ng6 26. Kd2 Ne5 27.
b3 Kg7 1/2-1/2

[Event "X Festival Magistrale"]
[Site "Celle Ligure ITA"]
[Date "1995.04.??"]
[Round "5"]
[White "Aranovitch, Emiliano"]
[Black "Piccardo, Vittorio"]
[Result "1-0"]
[WhiteElo "1900"]
[BlackElo "1978"]
[PlyCount "23"]
[EventDate "1995.04.01"]

1. d4 d5 2. Nf3 Nf6 3. Bg5 e6 4. e3 Be7 5. Nbd2 O-O 6. Bd3 c5 7. c3 Nc6 8. O-O
b6 9. Ne5 Bb7 10. Qa4 Nxe5 11. dxe5 Nd7 12. Qh4 1-0

[Event "X Festival Magistrale"]
[Site "Celle Ligure ITA"]
[Date "1995.04.??"]
[Round "5"]
[White "Caruso, Daniele"]
[Black "Tedeschi, Paolo"]
[Result "1-0"]
[WhiteElo "2080"]
[BlackElo "1920"]
[PlyCount "64"]
[EventDate "1995.04.01"]

1. e4 e6 2. d4 d5 3. e5 c5 4. c3 Nc6 5. Nf3 Qb6 6. a3 a5 7. Bd3 Bd7 8. Bc2 cxd4
9. cxd4 Nge7 10. Nc3 Na7 11. O-O Bb5 12. Re1 Nec6 13. Be3 Ba6 14. Na4 Qc7 15.
Rc1 b5 16. Nc3 Be7 17. Bd3 a4 18. Qe2 O-O 19. Nxa4 bxa4 20. Bxa6 Qb6 21. Bd3
Na5 22. Qc2 Nb3 23. Bxh7+ Kh8 24. Rcd1 Rac8 25. Qb1 Nc6 26. Bc2 Rb8 27. Rd3
Nca5 28. Nd2 Nxd2 29. Bxd2 g6 30. Rh3+ Kg8 31. Bxg6 Qxb2 32. Bh7+ Kh8 1-0

[Event "X Festival Magistrale"]
[Site "Celle Ligure ITA"]
[Date "1995.04.??"]
[Round "5"]
[White "Cazzaniga, Walter"]
[Black "Sciacca, Massimo"]
[Result "1/2-1/2"]
[WhiteElo "2185"]
[BlackElo "1908"]
[PlyCount "61"]
[EventDate "1995.04.01"]

1. d4 d5 2. c4 e6 3. Nc3 c5 4. cxd5 exd5 5. Nf3 Nf6 6. g3 Nc6 7. Bg2 Be7 8. O-O
O-O 9. Bg5 cxd4 10. Nxd4 h6 11. Be3 Re8 12. Rc1 Bf8 13. Nxc6 bxc6 14. Bd4 Ng4
15. h3 Ne5 16. e4 Ba6 17. exd5 Bxf1 18. Qxf1 cxd5 19. Nxd5 Rc8 20. Rxc8 Qxc8
21. Bxa7 Qc2 22. Qb5 Qd1+ 23. Kh2 Rc8 24. Qd7 Rc1 25. f4 Nd3 26. Ne7+ Bxe7 27.
Qxe7 Rc2 28. Qe8+ Kh7 29. Qe4+ Kg8 30. Qe8+ Kh7 31. Qe4+ 1/2-1/2

[Event "X Festival Magistrale"]
[Site "Celle Ligure ITA"]
[Date "1995.04.??"]
[Round "5"]
[White "Cirabisi, Federico"]
[Black "Parrella, Alfredo"]
[Result "0-1"]
[WhiteElo "2220"]
[BlackElo "2205"]
[PlyCount "77"]
[EventDate "1995.04.01"]

1. d4 d5 2. Nf3 Nf6 3. e3 e6 4. Bd3 c5 5. c3 Nbd7 6. Nbd2 Bd6 7. Qc2 Qc7 8. O-O
b6 9. e4 dxe4 10. Nxe4 Nxe4 11. Bxe4 Bb7 12. Bd2 O-O 13. Rae1 Nf6 14. Bxb7 Qxb7
15. Ne5 cxd4 16. cxd4 Qd5 17. Bc3 Rfc8 18. a3 b5 19. f4 a5 20. Nd3 b4 21. axb4
axb4 22. Bd2 Qxd4+ 23. Be3 Qe4 24. Qd2 Bf8 25. Bf2 Qd5 26. Re5 Qd7 27. Qe2 Rd8
28. Re3 Qb5 29. Rh3 g6 30. g4 Nxg4 31. Bh4 Rd5 32. Rd1 h5 33. Rg3 Bc5+ 34. Kf1
Qa6 35. Bg5 Kg7 36. Rc1 Bd6 37. Qe4 Rc8 38. Re1 Rc2 39. h3 {...} 0-1

[Event "X Festival Magistrale"]
[Site "Celle Ligure ITA"]
[Date "1995.04.??"]
[Round "5"]
[White "Farina, Saverio"]
[Black "Pappalardo, Paolo"]
[Result "0-1"]
[WhiteElo "2120"]
[BlackElo "1911"]
[PlyCount "68"]
[EventDate "1995.04.01"]

1. d4 Nf6 2. c4 e6 3. a3 c5 4. e3 d5 5. Nc3 Nc6 6. Nf3 cxd4 7. exd4 Be7 8. Bd3
dxc4 9. Bxc4 O-O 10. O-O Nd5 11. Re1 Bf6 12. Ne4 h6 13. Nxf6+ Qxf6 14. Ne5 Rd8
15. Nxc6 bxc6 16. Re4 c5 17. Ba2 Bb7 18. Rg4 Ne7 19. Be3 Nf5 20. Qb3 Bd5 21.
Qa4 Bxa2 22. Rxa2 cxd4 23. Bd2 Qe5 24. Ra1 Qe2 25. Qd1 d3 26. Bc3 Rac8 27. Ra4
e5 28. Rxa7 Nd4 29. Ra4 Qxd1+ 30. Rxd1 Ne2+ 31. Kf1 Rxc3 32. Rb4 Rc1 33. Ke1
Nf4 34. Kd2 Rc2+ 0-1

[Event "X Festival Magistrale"]
[Site "Celle Ligure ITA"]
[Date "1995.04.??"]
[Round "5"]
[White "Martorelli, Antonio"]
[Black "Zlochevskij, Alexander"]
[Result "1/2-1/2"]
[WhiteElo "2255"]
[BlackElo "2485"]
[PlyCount "34"]
[EventDate "1995.04.01"]

1. e4 e6 2. Nf3 d5 3. Nc3 Nf6 4. e5 Nfd7 5. d4 c5 6. Bb5 Nc6 7. O-O Be7 8. dxc5
Nxc5 9. Nd4 Bd7 10. Bxc6 bxc6 11. Qg4 g6 12. b4 Na6 13. b5 cxb5 14. Ncxb5 Bxb5
15. Nxb5 O-O 16. Bh6 Re8 17. c4 Rc8 1/2-1/2

[Event "X Festival Magistrale"]
[Site "Celle Ligure ITA"]
[Date "1995.04.??"]
[Round "5"]
[White "Mazzotti, Carlo"]
[Black "Wagman, Stuart"]
[Result "0-1"]
[WhiteElo "1922"]
[BlackElo "2215"]
[PlyCount "104"]
[EventDate "1995.04.01"]

1. e4 e5 2. Nf3 Nc6 3. Bb5 Nf6 4. O-O Nxe4 5. d4 Nd6 6. Bxc6 dxc6 7. dxe5 Nf5
8. Qxd8+ Kxd8 9. Bg5+ Ke8 10. Nc3 h6 11. Bd2 Be6 12. g4 Ne7 13. h3 Rd8 14. Rad1
Ng6 15. Be3 h5 16. Bg5 Rxd1 17. Rxd1 Be7 18. Bxe7 Kxe7 19. Rd4 hxg4 20. hxg4
Rd8 21. Re4 c5 22. Kg2 b6 23. Kg3 Bc8 24. Nh4 Nxh4 25. Kxh4 Bb7 26. Re1 Rd2 27.
Re2 Rd4 28. Kg3 g5 29. b3 Bc6 30. Nb1 Rd1 31. Nd2 Rg1+ 32. Kh3 Rc1 33. c4 Rc2
34. a4 Rc3+ 35. Kh2 Bf3 36. Nxf3 Rxf3 37. Rb2 Ke6 38. Kg2 Rc3 39. a5 Kxe5 40.
axb6 cxb6 41. Re2+ Kf6 42. Ra2 a5 43. Rd2 Rxb3 44. Rd6+ Kg7 45. Rd5 Kg6 46.
Rd6+ f6 47. Rd8 Rb4 48. Rg8+ Kf7 49. Rb8 a4 50. f3 a3 51. Rb7+ Kg6 52. Kf2 Ra4
0-1

[Event "X Festival Magistrale"]
[Site "Celle Ligure ITA"]
[Date "1995.04.??"]
[Round "5"]
[White "Naumkin, Igor"]
[Black "Kosic, Dragan"]
[Result "1/2-1/2"]
[WhiteElo "2500"]
[BlackElo "2500"]
[PlyCount "23"]
[EventDate "1995.04.01"]

1. d4 d5 2. c4 c6 3. cxd5 cxd5 4. Nc3 Nf6 5. Nf3 Nc6 6. Bf4 Ne4 7. e3 Nxc3 8.
bxc3 g6 9. Be2 Bg7 10. O-O O-O 11. c4 dxc4 12. Bxc4 1/2-1/2

[Event "X Festival Magistrale"]
[Site "Celle Ligure ITA"]
[Date "1995.04.??"]
[Round "5"]
[White "Nurkic, Sahbaz"]
[Black "Cordara, Michele"]
[Result "1-0"]
[WhiteElo "2450"]
[BlackElo "2185"]
[PlyCount "61"]
[EventDate "1995.04.01"]

1. e4 e6 2. d4 d5 3. Nd2 c5 4. exd5 Qxd5 5. Ngf3 cxd4 6. Bc4 Qd6 7. Qe2 a6 8.
Nb3 Nc6 9. O-O Be7 10. Rd1 e5 11. c3 b5 12. Bd3 f5 13. Bc2 Nf6 14. cxd4 e4 15.
Ng5 O-O 16. Nh3 Nd5 17. Nc5 Bf6 18. Be3 Kh8 19. Bb3 Nce7 20. g3 Qb6 21. Rac1
Be6 22. Ng5 Nxe3 23. Ngxe6 Nxd1 24. Nd7 Qd6 25. Ndxf8 Nxf2 26. Kxf2 Nc6 27. Qh5
Rxf8 28. Nxf8 Qxd4+ 29. Kg2 Qxb2+ 30. Kh3 Qxc1 31. Qxh7# 1-0

[Event "X Festival Magistrale"]
[Site "Celle Ligure ITA"]
[Date "1995.04.??"]
[Round "5"]
[White "Palmiotto, Fiorentino"]
[Black "Coppini, Giorgio"]
[Result "1/2-1/2"]
[WhiteElo "2195"]
[BlackElo "2255"]
[PlyCount "41"]
[EventDate "1995.04.01"]

1. d4 d5 2. c4 c6 3. cxd5 cxd5 4. Nc3 Nf6 5. Nf3 e6 6. Bg5 Be7 7. e3 O-O 8. Bd3
a6 9. a4 Nc6 10. Rc1 h6 11. Bh4 Bd7 12. O-O Rc8 13. Bb1 Nh5 14. Bxe7 Qxe7 15.
Nd2 Nf6 16. f4 b5 17. Nf3 b4 18. Ne2 Na5 19. b3 Qd6 20. Qd3 Ne4 21. Ne5 1/2-1/2

[Event "X Festival Magistrale"]
[Site "Celle Ligure ITA"]
[Date "1995.04.??"]
[Round "5"]
[White "Romano, Edgar"]
[Black "Mordiglia, Riccardo"]
[Result "1/2-1/2"]
[WhiteElo "1929"]
[BlackElo "1873"]
[PlyCount "83"]
[EventDate "1995.04.01"]

1. e4 e5 2. Nf3 d6 3. d4 f5 4. dxe5 fxe4 5. Bg5 Be7 6. Bxe7 Qxe7 7. exd6 cxd6
8. Nd4 Nf6 9. Bb5+ Kf7 10. Nc3 Qe5 11. Qd2 a6 12. Bc4+ d5 13. Bb3 Nc6 14. O-O-O
Rd8 15. Rhe1 Nxd4 16. Qxd4 Qg5+ 17. Kb1 Be6 18. f3 Qxg2 19. Rg1 Qxf3 20. Rdf1
Qh3 21. Nxe4 Qxf1+ 22. Rxf1 dxe4 23. Qb6 Bxb3 24. Qxb7+ Kg8 25. Qxb3+ Kh8 26.
a3 a5 27. Rg1 Rd7 28. Qb5 Re8 29. c4 e3 30. Re1 e2 31. Kc2 Rde7 32. b4 axb4 33.
axb4 Ng4 34. c5 Ne3+ 35. Kb3 Ng2 36. Rxe2 Rxe2 37. Qb7 Nf4 38. c6 Nd5 39. c7
Nxc7 40. Qxc7 R2e7 41. Qc6 Re6 42. Qd5 1/2-1/2

[Event "X Festival Magistrale"]
[Site "Celle Ligure ITA"]
[Date "1995.04.??"]
[Round "5"]
[White "Rossi, Giampiero"]
[Black "Collareta, Giovanni"]
[Result "0-1"]
[WhiteElo "2145"]
[BlackElo "2080"]
[PlyCount "98"]
[EventDate "1995.04.01"]

1. d4 d5 2. c4 c6 3. cxd5 cxd5 4. Nc3 Nf6 5. Nf3 Nc6 6. Bf4 e6 7. e3 Be7 8. Bd3
O-O 9. O-O Nh5 10. Bg3 f5 11. Ne5 Nxg3 12. Nxc6 bxc6 13. hxg3 c5 14. dxc5 Bxc5
15. Qe2 Bd7 16. Rac1 Qb6 17. Rfd1 Rfc8 18. Rd2 Be7 19. Rdc2 Rc5 20. a3 Qb3 21.
Nd1 Rac8 22. Rxc5 Rxc5 23. Rxc5 Bxc5 24. Qc2 Qxc2 25. Bxc2 a5 26. Kf1 Kf8 27.
Ke1 Ke7 28. g4 g6 29. gxf5 exf5 30. g3 Kd6 31. Kd2 d4 32. e4 fxe4 33. Bxe4 Ba4
34. Bc2 Bxc2 35. Kxc2 Kd5 36. Kd3 h5 37. f3 Bd6 38. g4 h4 39. Nf2 Bf4 40. b3
Be3 41. Nh3 g5 42. Kc2 a4 43. bxa4 Kc4 44. a5 d3+ 45. Kb2 Kb5 46. Kc3 d2 47.
Kc2 Kxa5 48. f4 Bxf4 49. Ng1 Ka4 0-1

[Event "X Festival Magistrale"]
[Site "Celle Ligure ITA"]
[Date "1995.04.??"]
[Round "5"]
[White "Tortarolo, Massimiliano"]
[Black "Laketic, Gojko"]
[Result "0-1"]
[WhiteElo "2240"]
[BlackElo "2390"]
[PlyCount "124"]
[EventDate "1995.04.01"]

1. e4 Nf6 2. e5 Nd5 3. d4 d6 4. Nf3 Nb6 5. a4 a5 6. Bb5+ c6 7. Bd3 Bg4 8. Bf4
Nd5 9. Bg3 dxe5 10. Bxe5 Nd7 11. Bg3 e6 12. Nbd2 Be7 13. c3 Bh5 14. O-O Bg6 15.
Be2 O-O 16. Nc4 N7b6 17. Nce5 Nd7 18. Nxg6 hxg6 19. Ne5 Nxe5 20. Bxe5 Bd6 21.
Bxd6 Qxd6 22. Bf3 Nf6 23. Qe2 Rfd8 24. Rfd1 Qc7 25. Rd2 Rd7 26. Rad1 Rad8 27.
g3 Rd6 28. Qe3 Nd7 29. Qg5 Nf6 30. Kg2 R8d7 31. h4 Rd8 32. Qe5 b6 33. Qe3 R8d7
34. Qg5 Qd8 35. Kf1 c5 36. Qf4 Kf8 37. Ke2 cxd4 38. cxd4 Qc8 39. b3 Nd5 40.
Bxd5 Rxd5 41. Qe3 Qd8 42. Rd3 Kg8 43. R1d2 Qf6 44. Kf1 Qf5 45. Qf3 Qxf3 46.
Rxf3 Rxd4 47. Rc2 Kf8 48. Rc8+ Ke7 49. Rb8 Rb4 50. Rc3 e5 51. Rc6 Rxb3 52.
Rbxb6 Rxb6 53. Rxb6 Rd4 54. Rb5 Rxa4 55. Rxe5+ Kd6 56. Re8 Rd4 57. Ra8 a4 58.
Ra7 Kc5 59. Rxf7 a3 60. Ra7 Kb4 61. Kg2 Kb3 62. f4 a2 0-1

[Event "X Festival Magistrale"]
[Site "Celle Ligure ITA"]
[Date "1995.04.??"]
[Round "5"]
[White "Vigano', Massimo"]
[Black "Zichichi, Alvise"]
[Result "1/2-1/2"]
[WhiteElo "1935"]
[BlackElo "2315"]
[PlyCount "55"]
[EventDate "1995.04.01"]

1. e4 c5 2. Nf3 e6 3. d4 cxd4 4. Nxd4 Qb6 5. Nb3 Qc7 6. Nc3 a6 7. Be3 b5 8. Bd3
Nf6 9. O-O Bb7 10. f3 d6 11. Qe1 Nbd7 12. Qg3 Rc8 13. a3 h5 14. f4 Nc5 15. Nxc5
dxc5 16. e5 Ng4 17. Kh1 c4 18. Be4 Bxe4 19. Nxe4 Nh6 20. Rad1 Nf5 21. Qf3 Qc6
22. Ng3 Qxf3 23. Rxf3 Rd8 24. Rxd8+ Kxd8 25. Bb6+ Kc8 26. Nxf5 exf5 27. Kg1 Rh6
28. Ba5 1/2-1/2